History of the earth; (Record no. 16150)

000 -LEADER
fixed length control field 00410nam a22001451 4500
040 ## - CATALOGING SOURCE
Transcribing agency DLC
082 ## - DEWEY DECIMAL CLASSIFICATION NUMBER
Classification number 551 W.E.F 1961 A084 Or.
100 10 - MAIN ENTRY--AUTHOR NAME
Personal name Kummel, Bernhard,
245 10 - TITLE STATEMENT
Title History of the earth;
Remainder of title an introduction to historical geology.
260 0# - PUBLICATION, DISTRIBUTION, ETC. (IMPRINT)
Place of publication San Francisco,
Name of publisher W. H. Freeman
Year of publication [1961]
300 ## - PHYSICAL DESCRIPTION
Number of Pages xii,610 p.
Other physical details illus.
Dimensions 26 cm
650 #0 - SUBJECT ADDED ENTRY--TOPICAL TERM
Topical Term Geology, Stratigraphic
650 #0 - SUBJECT ADDED ENTRY--TOPICAL TERM
Topical Term Paleontology
942 ## - ADDED ENTRY ELEMENTS (KOHA)
Koha item type សៀវភៅភាសាអង់គ្លេស
952 ## - LOCATION AND ITEM INFORMATION (KOHA)
Withdrawn status [LOCAL, KOHA] 0
Holdings
Permanent Location Date acquired Koha item type Lost status Shelving location Barcode Current Location Full call number
Library Block A2018-01-17សៀវភៅភាសាអង់គ្លេស A084A25554Library Block A551 W.E.F 1961 A084 Or.
មជ្ឈមណ្ឌលឯការនៃសាកលវិទ្យាល័យភូមិន្ទកសិកម្មចំការដូង

Powered by Koha